| 000 | 01186cam a2200337Ii 4500 | ||
|---|---|---|---|
| 001 | ocn943647300 | ||
| 005 | 20180228092446.0 | ||
| 008 | 180228s2015 sp 000 1 spa d | ||
| 020 | _a9788433979483 | ||
| 020 | _a8433979485 | ||
| 035 | _a(OCoLC)943647300 | ||
| 040 |
_aCo-BoUCM _bspa _cSaul Niño _dSaul Niño |
||
| 041 | 1 |
_aspa _hita |
|
| 100 | 1 |
_aMagris, Claudio _991615 |
|
| 245 | 1 | 0 |
_aNo ha lugar a proceder _cClaudio Magris ; traducción de Pilar González Rodríguez |
| 260 |
_aBarcelona _bAnagrama _c2015 |
||
| 300 | _a384 páginas | ||
| 490 | 0 |
_aPanorama de narrativas _v918 |
|
| 650 | 7 |
_aArmas _xColeccionistas y colecciones _vNovela _99350 |
|
| 650 | 7 |
_aColeccionistas y colecciones _vNovela _911113 |
|
| 650 | 7 |
_aMuseos _vNovela _919971 |
|
| 650 | 7 |
_aCampos de concentración _vNovela _910381 _zItalia |
|
| 650 | 7 |
_aMilitares _919545 |
|
| 650 | 7 |
_aNovela italiana _920534 |
|
| 650 | 7 |
_aLiteratura italiana _918694 |
|
| 651 | 0 |
_aItalia _ySiglo XX _vNovela _991616 |
|
| 700 | 1 |
_aGonzález Rodríguez, Pilar _etraductor _991617 |
|
| 765 | _tNon luogo a procedere | ||
| 942 |
_2DEWEY _a18 _cLIBRO _e1 _h853.914 _mM212n |
||
| 999 |
_c309275 _d309275 |
||